000 00842nam a2200265 i 4500
003 DO-SdBNP
005 20240625142604.0
007 ta
008 240625b1983 sp ||||| |||| 00| 0 spa d
020 _a840136051X
040 _aDO-SdBNP
_bspa
_cBNPHU
_erda
082 4 _222
100 1 _aKazan, Elia,
_d1909-
_eautor
_985805
245 1 3 _aEl hombre de anatolia /
_cEia Kazan ; traducción, Ana M. de la Fuente
264 _aEspaña :
_bGran Parada Plaza & Janes,
_c1983.
300 _a407 páginas ;
_c22 cm.
336 _2rdacontent
_atexto
_btxt
337 _2rdamedia
_asin mediación
_bn
338 _2rdacarrier
_avolumen
_bnc
500 _aIncluye datos biográficos del autor en la contracubierta
590 _aInventariado, 2024/BT
700 1 _aFuente, Ana M. de la,
_etraducción
_913413
910 _aBtavárez
942 _2ddc
_cLBS1
999 _c56983
_d56983